Statistics for Mental Maths - Multiplication

Click here to take the quiz!

General Stats

  • This quiz has been taken 532 times
  • The average score is 8 of 10

Answer Stats

CalculationAnswer% Correct
7 x 535
92%
5 x 840
92%
1 x 22
91%
11 x 10110
90%
8 x 1080
90%
9 x 436
89%
6 x 954
88%
30 x 390
88%
2 x 510
87%
1 x 1313
86%
0.5 x 42
86%
7 x 963
86%
9 x 19
86%
10 x 14140
85%
4 x 312
84%
7 x 856
84%
9 x 327
83%
17 x 234
82%
15 x 3
45
81%
20 x 6120
80%
2 x 714
80%
5 x 630
80%
13 x 339
80%
6 x 318
79%
5 x 1365
74%
16 x 580
74%
12 x 896
73%
6 x 2.515
72%
5 x 1785
68%
3 x 1.54.5
5%

Score Distribution

Percentile by Number Answered

Percent of People with Each Score

Your Score History

You have not taken this quiz